FREQUENCIAS QUE BOIAM NO PS - Statistics

Estatísticas Gerais
  • Esse quiz foi jogado 567 vezes
    566 desde o último reset
  • A pontuação média é 7 de 13
Estatísticas das Respostas
Hint Resposta % Correto
Solar 126,3
81%
Frequência Livre 123,45
76%
Argos 134,6
73%
Vésper 121,7
65%
Fênix 133,0
65%
Canopus 121,9
57%
VOR/DME(PIR) 115,8
54%
Coringa 122,3
46%
Capela 118,3
43%
Trunfos 136,15
35%
Poláris 123,6
32%
Flecha 120,1
30%
Tucano 124,3
30%
Nenhum quiz correspondente encontrado
Distribuição das Pontuações
Porcentagem de Pessoas com Cada Pontuação
Percentil de Números Respondidos
Sua Pontuação Histórica
Você não jogou esse quiz desde o último reset